Swami Vivekanand century celebrations and the seventh shre Ram Krishn mela : (Record no. 135772)

MARC details
000 -LEADER
fixed length control field 00720nam a22002177a 4500
005 - DATE AND TIME OF LATEST TRANSACTION
control field 20170124110249.0
010 ## - LIBRARY OF CONGRESS CONTROL NUMBER
LC control number 284245
020 ## - INTERNATIONAL STANDARD BOOK NUMBER
Terms of availability 00.00
035 ## - SYSTEM CONTROL NUMBER
System control number 284245
037 ## - SOURCE OF ACQUISITION
Source of stock number/acquisition Cen Lib/Ret
040 ## - CATALOGING SOURCE
Original cataloging agency DPL
Language of cataloging EN
082 ## - DEWEY DECIMAL CLASSIFICATION NUMBER
Classification number 921
Item number SWA
110 ## - MAIN ENTRY--CORPORATE NAME
Corporate name or jurisdiction name as entry element Institute of Social Educationand Recreation
9 (RLIN) 98390
245 ## - TITLE STATEMENT
Title Swami Vivekanand century celebrations and the seventh shre Ram Krishn mela :
Remainder of title nerendrapur 1963-1964 /
260 ## - PUBLICATION, DISTRIBUTION, ETC. (IMPRINT)
Name of publisher, distributor, etc Ramkrishn Mission Ashram
Place of publication, distribution, etc West Bengal
Date of publication, distribution, etc 1964
270 ## - ADDRESS
City West Bengal
Address Narendrapur 24-parganas
300 ## - PHYSICAL DESCRIPTION
Extent various pagings
Dimensions 22cm(Hb)
650 ## - SUBJECT ADDED ENTRY--TOPICAL TERM
Topical term or geographic name as entry element Swami Vivekanand -- Biography
9 (RLIN) 98391
650 ## - SUBJECT ADDED ENTRY--TOPICAL TERM
Topical term or geographic name as entry element Biography
9 (RLIN) 7490
942 ## - ADDED ENTRY ELEMENTS (KOHA)
Source of classification or shelving scheme Dewey Decimal Classification
Koha item type English Books
Classification part 921
Call number suffix SWA
Holdings
Withdrawn status Lost status Damaged status Not for loan Home library Current library Date acquired Source of acquisition Cost, normal purchase price Total Checkouts Full call number Barcode Date last seen Copy number Cost, replacement price Price effective from Koha item type
        Central Library Central Library 08/10/2015 Cen Lib/Ref 0.00   921 SWA 284245 08/10/2015 1 0.00 08/10/2015 English Books

© Delhi Public Library
Hit Counter
free hit counter